High Technology Careers (Record no. 8081)
[ view plain ]
| 000 -LEADER | |
|---|---|
| fixed length control field | 00402nam a22001457a 4500 |
| 005 - DATE AND TIME OF LATEST TRANSACTION | |
| control field | 20251105151433.0 |
| 008 - FIXED-LENGTH DATA ELEMENTS--GENERAL INFORMATION | |
| fixed length control field | 251105b |||||||| |||| 00| 0 eng d |
| 020 ## - INTERNATIONAL STANDARD BOOK NUMBER | |
| International Standard Book Number | 0870945890 |
| 050 ## - LIBRARY OF CONGRESS CALL NUMBER | |
| Classification number | T21 |
| Item number | .M374 |
| 100 ## - MAIN ENTRY--PERSONAL NAME | |
| Personal name | Marrs, Texe W. |
| 245 ## - TITLE STATEMENT | |
| Title | High Technology Careers |
| Statement of responsibility, etc. | Texe W. Marrs |
| 260 ## - PUBLICATION, DISTRIBUTION, ETC. | |
| Place of publication, distribution, etc. | Homewood, Illinois |
| Name of publisher, distributor, etc. | Dow Jones- Irwin |
| Date of publication, distribution, etc. | 1986 |
| 300 ## - PHYSICAL DESCRIPTION | |
| Extent | vii. 177p. |
| Other physical details | ill. |
| Dimensions | 23.5cm |
| 942 ## - ADDED ENTRY ELEMENTS (KOHA) | |
| Source of classification or shelving scheme | Library of Congress Classification |
| Koha item type | Books |
| Suppress in OPAC | No |
| 999 ## - | |
| -- | 8081 |
| -- | 8081 |
| Withdrawn status | Lost status | Source of classification or shelving scheme | Damaged status | Not for loan | Collection | Home library | Current library | Shelving location | Date acquired | Total checkouts | Full call number | Barcode | Date last seen | Copy number | Price effective from | Koha item type |
|---|---|---|---|---|---|---|---|---|---|---|---|---|---|---|---|---|
| Library of Congress Classification | Non-fiction | Science Library (Miotso) | Science Library (Miotso) | General stacks | 11/05/2025 | T21 .M374 MAR | SLM00005411 | 11/05/2025 | 1 | 11/05/2025 | Books |